000 01491cad a22002535a 4500
001 L138823
008 070621s20070608xxk f g f000 0 eng d
020 _a9780110773247
035 _a(Sirsi) u138823
041 0 _aeng
050 0 4 _a333.333 $2 18
110 1 _aUnited Kingdom
_bDepartment for Communities and Local Government
_94939
245 0 4 _aRevised procedural guidance for the Home Information Pack Regulations (No.2) 2007
_h[electronic resource]
520 _aProvides guidance for enforcing the Home Information Pack Regulations (No.2) 2007 (L138557) which came into force 2 July 2007. Aimed at property professionals in the home buying and selling process. Covers pack provisions, the process of assembling their contents, accuracy and checking of packs, and availability of information. Lists exceptions to the regulations. Covers methods of enforcement, and approved certification schemes. Also deals with the Home Condition Report Register.
590 _aKA
650 2 4 _aHOME INFORMATION PACKS
650 2 4 _aHOUSING ACT 2004 PART V
650 2 4 _aRESIDENTIAL ENERGY PERFORMANCE CERTIFICATES
650 2 4 _aHOME INFORMATION PACK (NO.2) REGULATIONS 2007
651 4 _aUnited Kingdom
_y
690 _aPROPERTY-RESIDENTIAL PROPERTY-ACQUISITION AND DISPOSAL OF RESIDENTIAL PROPERTY-HOME BUYING REFORM
856 4 0 _uhttps://www.homeinformationpack.gov.uk/industry/137_pubregulations.html
_zView the item free of charge at www.homeinformationpack.gov.uk...
942 _n0
999 _c107255
_d107255